000 00679nam a2200241Ia 4500
003 OSt
005 20220923222808.0
006 a|||||r|||| 00| 0
007 ta
008 220922b |||||||| |||| 00| 0 hin d
024 _a208,069
037 _cTextual
040 _aARTS
_cARTS
_bhin
041 _2hin
_ahin
082 _aO152,3NSA15,2, L4-;1
100 _aशशी प्रभा
245 0 _aनावें
246 _aNāvean
260 _aदिल्ली
_b राजकमल प्रका0
_c1974
300 _a135पृ.
_ccm.
942 _hO152,3NSA15,2, L4-;1
_cTEXL
_2CC
999 _c358665
_d358665